000 00624nam a2200229Ia 4500
003 OSt
005 20220918200634.0
006 a|||||r|||| 00| 0
007 ta
008 220917b |||||||| |||| 00| 0 eng d
024 _a89,687
037 _cTextual
040 _aARTS
_cARTS
_beng
041 _2eng
_aeng
082 _aU8:2ME:N5, J7 (U)
100 _aRoberts Dennis
_995008
245 0 _aI'll climb Mount Everest alone
_b the story of Maurice Wilson
260 _c1957
650 _aTRAVEL; GEOGRAPHY
_97186
942 _hU8:2ME:N5, J7 (U)
_cTEXL
_2CC
999 _c213356
_d213356